Иоднитрование фенилацетилена новым реагентом KI(I2)/Mg(NO3)2, CH3COOH; Химия и химическая технология в XXI веке

Bibliographic Details
Parent link:Химия и химическая технология в XXI веке.— 2005.— С. 146-147
Main Author: Соничева Н. Р.
Other Authors: Тверякова Е. Н. (научный руководитель)
Language:Russian
Published: 2005
Subjects:
Format: Book Chapter
KOHA link:https://koha.lib.tpu.ru/cgi-bin/koha/opac-detail.pl?biblionumber=138698

MARC

LEADER 00000naa2a2200000 4500
001 138698
005 20231031141525.0
035 |a (RuTPU)RU\TPU\book\150276 
090 |a 138698 
100 |a 20080529d2005 k y0rusy50 ca 
101 0 |a rus 
102 |a RU 
200 1 |a Иоднитрование фенилацетилена новым реагентом KI(I2)/Mg(NO3)2, CH3COOH  |f Н. Р. Соничева  |g науч. рук. Е. Н. Тверякова 
320 |a Библиогр.: 1 назв. 
463 0 |0 (RuTPU)RU\TPU\book\118373  |t Химия и химическая технология в XXI веке  |o материалы VI Всероссийской студенческой научно-практической конференции, 11-12 мая 2005 г., Томск  |f Томский политехнический университет; под ред. А. А. Бакибаева  |v С. 146-147  |d 2005  |p 352 с. 
610 1 |a фенилацетилен 
610 1 |a иоднитрование 
610 1 |a реагенты 
610 1 |a труды учёных ТПУ 
700 1 |a Соничева  |b Н. Р. 
702 1 |a Тверякова  |b Е. Н.  |4 727 
801 1 |a RU  |b 63413507  |c 20080529  |g PSBO 
801 2 |a RU  |b 63413507  |c 20111220  |g RCR 
942 |c BK